K-pop Quiz (SM Groups) - Statistics

General Stats
  • This quiz has been taken 15 times
  • The average score is 63 of 86
Answer Stats
Hint Answer % Correct
Hearts2Hearts Carmen
100%
EXO Chen
100%
EXO DO
100%
aespa Giselle
100%
RED VELVET Joy
100%
aespa Karina
100%
NCT 127 Mark
100%
NCT DREAM Mark
100%
aespa Ningning
100%
RED VELVET Seulgi
100%
RIIZE Shotaro
100%
RED VELVET Wendy
100%
aepsa Winter
100%
Hearts2Hearts Ye-on
100%
RIIZE Anton
88%
NCT DREAM Chenle
88%
NCT 127 Doyoung
88%
NCT 127 Haechan
88%
NCT DREAM Haechan
88%
Hearts2Hearts Ian
88%
RED VELVET Irene
88%
NCT 127 Jaehyun
88%
NCT DREAM Jaemin
88%
NCT DREAM Jeno
88%
NCT DREAM Jisung
88%
NCT 127 Johnny
88%
NCT 127 Jungwoo
88%
SHINee Key
88%
WayV Kun
88%
SHINee Minho
88%
NCT DREAM Renjun
88%
NCT WISH Riku
88%
NCT WISH Ryo
88%
NCT WISH Sakuya
88%
NCT WISH Sion
88%
RIIZE Sungchan
88%
GIRLS GENERATION Taeyeon
88%
WayV Ten
88%
WayV Winwin
88%
RIIZE Wonbin
88%
WayV Xiaojun
88%
NCT WISH Yushi
88%
NCT 127 Yuta
88%
EXO Baekhyun
75%
WayV Hendery
75%
NCT WISH Jaehee
75%
Hearts2Hearts Jiwoo
75%
SHINee Jonghyun
75%
EXO Kai
75%
EXO Lay
75%
SHINee Onew
75%
RIIZE Sohee
75%
Hearts2Hearts Stella
75%
EXO Suho
75%
SHINee Taemin
75%
NCT 127 Taeyong
75%
GIRLS GENERATION Tiffany
75%
EXO Xiumin
75%
WayV Yangyang
75%
RED VELVET Yeri
75%
GIRLS GENERATION Yoona
75%
Hearts2Hearts A-na
63%
EXO Chanyeol
63%
RIIZE Eunseok
63%
GIRLS GENERATION Hyoyeon
63%
EXO Sehun
63%
GIRLS GENERATION Seohyun
63%
GIRLS GENERTAION Sunny
63%
GIRLS GENERATION Yuri
63%
SUPER JUNIOR Heechul
50%
SOLO Seunghan
50%
SUPER JUNIOR Shindong
50%
GIRLS GENERATION Sooyoung
50%
Hearts2Hearts Yuha
50%
TVXQ! Changmin
38%
Hearts2Hearts Juun
38%
SUPER JUNIOR Kyuhyun
38%
SUPER JUNIOR Leeteuk
38%
SUPER JUNIOR Siwon
38%
TVXQ! Yunho
25%
SUPER JUNIOR Donghae
13%
SUPER JUNIOR Eunhyuk
13%
SOLO Kangta
13%
SUPER JUNIOR Ryeowook
13%
SUPER JUNIOR Yesung
13%
SOLO Naevis
0%
No matching quizzes found
Score Distribution
Percent of People with Each Score
Percentile by Number Answered
Your Score History
You have not taken this quiz